[Event "13. Golden Prague Open"]
[Site "Praha"]
[Date "2017.07.06"]
[Round "6.1"]
[White "Novy, Filip"]
[Black "Haba, Zdenek"]
[Result "1/2-1/2"]
[WhiteElo "2148"]
[BlackElo "2177"]
[Annotator ""]
[Source ""]
[Remark ""]

1.e4 c5 2.Nc3 e6 3.Nf3 a6 4.d4 cxd4 5.Nxd4 b5 6.Bd3 Bb7 7.a4
b4 8.Nce2 Qc7 9.O-O Nf6 10.Ng3 h5 1/2-1/2

[Event "13. Golden Prague Open"]
[Site "Praha"]
[Date "2017.07.06"]
[Round "6.2"]
[White "Martirosyan, Ara"]
[Black "Rosenbaum, Vit"]
[Result "0-1"]
[WhiteElo "1878"]
[BlackElo "2124"]
[Annotator ""]
[Source ""]
[Remark ""]

1.d4 e6 2.Bf4 c5 3.e3 cxd4 4.exd4 Qb6 5.b3 Nc6 6.c3 Nf6 7.Nf3
d5 8.Bd3 Be7 9.O-O O-O 10.Nbd2 Bd7 11.Bg5 Rfc8 12.Ne5 Be8 13.Ndf3
Qd8 14.Nxc6 Rxc6 15.Qd2 Rac8 16.Rac1 Qc7 17.Bb5 Ne4 18.Qe3 Nxg5
19.Nxg5 Bxg5 20.Qxg5 Rxc3 21.Rxc3 Qxc3 22.Bxe8 Rxe8 23.Rc1 Qxd4
24.Qe7 Qd1+ 25.Rxd1 Rxe7 26.Rc1 g6 27.Kf1 Rd7 28.Ke2 f6 29.Kd3
e5 30.g3 Kf7 31.Rc8 Ke6 32.Re8+ Re7 33.Rc8 d4 34.f4 Rd7 35.Rc5
b6 36.Rc8 Kd5 37.Re8 a5 38.a4 h5 39.h4 Rd6 40.Re7 Rd8 41.Rg7
e4+ 42.Kd2 Ke6 43.Rxg6 d3 0-1

[Event "13. Golden Prague Open"]
[Site "Praha"]
[Date "2017.07.06"]
[Round "6.3"]
[White "Koper, Stefan"]
[Black "Hurtak, Otto"]
[Result "1/2-1/2"]
[WhiteElo "1931"]
[BlackElo "2050"]
[Annotator ""]
[Source ""]
[Remark ""]

1.d4 d5 2.c4 e6 3.cxd5 exd5 4.Nc3 Bb4 5.Nf3 Nf6 6.Bg5 Qd6 7.Bxf6
Qxf6 8.e3 O-O 9.Qb3 Bxc3+ 10.bxc3 c6 11.c4 dxc4 12.Bxc4 Nd7 13.O-O
Nb6 14.Bd3 Be6 15.Qc2 g6 16.Rab1 Rac8 17.a4 Rc7 18.a5 Nd5 19.Nd2
Qe7 20.Be4 c5 21.Bxd5 Bxd5 22.Rbc1 Rfc8 23.Qb2 cxd4 24.Rxc7 Qxc7
25.Qxd4 Qc5 26.Qxc5 Rxc5 27.Ra1 Rc2 28.Nf3 Bxf3 29.gxf3 Rc5 30.f4
a6 31.Kg2 Kf8 32.Kg3 Ke7 33.Rb1 Rb5 34.Ra1 Kd6 35.e4 f6 36.f3
Ke6 37.h4 Kd6 38.Rd1+ Ke6 39.Ra1 Kd6 40.Rd1+ Ke6 41.Ra1 Kd6 1/2-1/2

[Event "13. Golden Prague Open"]
[Site "Praha"]
[Date "2017.07.06"]
[Round "6.4"]
[White "Anaskin, Arsenij"]
[Black "Fiser, Jiri"]
[Result "1-0"]
[WhiteElo "2216"]
[BlackElo "1922"]
[Annotator ""]
[Source ""]
[Remark ""]

1.e4 c5 2.Nc3 a6 3.Nf3 b5 4.g3 Bb7 5.d3 e6 6.Bg2 Nf6 7.O-O d6
8.Ng5 Qc7 9.f4 Be7 10.f5 e5 11.Nd5 Bxd5 12.exd5 Nbd7 13.c4 Nb6
14.Qe2 Rb8 15.Bd2 Qc8 16.Rae1 h6 17.Ne4 bxc4 18.dxc4 Nxe4 19.Bxe4
Qd8 20.Bc2 Bf6 21.a3 Nd7 22.b4 h5 23.Ba4 Kf8 24.Rb1 Ke7 25.Be3
cxb4 26.axb4 Qc7 27.Bc6 a5 28.bxa5 Qxa5 29.Ra1 Qb4 30.Ra7 Rhd8
31.Qxh5 Qc3 32.Bf2 Qxc4 33.Bxd7 Rxd7 34.Rxd7+ Kxd7 35.Qxf7+ Kd8
36.Ra1 1-0

[Event "13. Golden Prague Open"]
[Site "Praha"]
[Date "2017.07.06"]
[Round "6.5"]
[White "Pokorny, Jan"]
[Black "Krivanek, Vladimir"]
[Result "0-1"]
[WhiteElo "1835"]
[BlackElo "2095"]
[Annotator ""]
[Source ""]
[Remark ""]

1.c4 e5 2.g3 Nc6 3.Bg2 f5 4.d3 Nf6 5.Bg5 Bc5 6.e3 d6 7.Nc3 h6
8.Bxf6 Qxf6 9.Nd5 Qf7 10.a3 a5 11.Ne2 O-O 12.O-O Ba7 13.b4 Kh8
14.b5 Nd8 15.Qb3 c6 16.b6 Bb8 17.Ndc3 Ne6 18.d4 f4 19.exf4 exf4
20.Nxf4 Nxf4 21.gxf4 d5 22.cxd5 Qxf4 23.Ne2 Qxh2# 0-1

[Event "13. Golden Prague Open"]
[Site "Praha"]
[Date "2017.07.06"]
[Round "6.6"]
[White "Plasek, Zdenek"]
[Black "Maly, Filip"]
[Result "0-1"]
[WhiteElo "2002"]
[BlackElo "1915"]
[Annotator ""]
[Source ""]
[Remark ""]

1.Nf3 Nf6 2.e3 g6 3.b3 Bg7 4.Bb2 d6 5.c4 O-O 6.Be2 e5 7.d3 Nc6
8.O-O Re8 9.Nbd2 d5 10.cxd5 Nxd5 11.Qc2 a5 12.a3 Qe7 13.Ne4 f5
14.Nc3 Be6 15.Nxd5 Bxd5 16.e4 Be6 17.Bc3 Nd4 18.Nxd4 exd4 19.Bd2
Qf7 20.Rab1 f4 21.f3 b6 22.b4 a4 23.Qc1 Be5 24.Bd1 g5 25.Rb2
Bd6 26.Be1 Kg7 27.Bf2 Be5 28.b5 h5 29.Rb4 g4 30.g3 h4 31.gxf4
Bxf4 32.Bxd4+ Kh7 33.Be3 Bd6 34.fxg4 Bxh2+ 35.Kxh2 Qxf1 36.Qxc7+
Kg6 37.Qf4 Qxf4+ 38.Bxf4 Rf8 39.Be3 Rf1 40.Be2 Re1 41.Rb2 Bxg4
42.Bxg4 Rxe3 43.Rg2 Rxd3 44.Be2+ Rg3 45.Rxg3+ hxg3+ 46.Kxg3 Rc8
47.Kf4 Rc3 48.Ke5 Rxa3 49.Bc4 Rg3 50.Kd6 Rc3 51.Bd5 a3 52.e5
Re3 53.Bc4 Kf5 54.Kc6 Rc3 0-1

[Event "13. Golden Prague Open"]
[Site "Praha"]
[Date "2017.07.06"]
[Round "6.7"]
[White "Pokorny, Jiri"]
[Black "Volf, Michal"]
[Result "1/2-1/2"]
[WhiteElo "1932"]
[BlackElo "1867"]
[Annotator ""]
[Source ""]
[Remark ""]

1.e4 e6 2.d4 d5 3.Nc3 Bb4 4.Bd3 dxe4 5.Bxe4 Nf6 6.Bf3 O-O 7.Nge2
c5 8.O-O Qc7 9.Bf4 Qe7 10.Nb5 cxd4 11.Nc7 e5 12.Nxa8 exf4 13.Nxd4
Be6 14.Nxe6 fxe6 15.Qe2 Na6 16.c3 Bd6 17.Rfe1 Rxa8 18.Qxe6+ Qxe6
19.Rxe6 Rd8 20.Rd1 Bc7 21.Rxd8+ Bxd8 22.c4 Kf7 23.Re5 b6 24.Kf1
Nb4 25.a3 Nd3 26.Re2 Bc7 27.b3 Ne5 28.Ke1 Nxf3+ 29.gxf3 Nd7 30.Kd2
Ne5 31.Kc3 Nxf3 32.h3 Ng1 33.Rd2 Ke7 34.Rd3 Be5+ 35.Kb4 Bd6+
36.Kb5 Bc5 37.f3 Nxh3 38.b4 Be3 39.c5 bxc5 40.bxc5 Ng5 41.c6
Ne6 42.Rd7+ Ke8 43.Kc4 Nd8 44.Kd5 Nxc6 45.Kxc6 Kf8 46.Kd5 h5
47.Ke6 g5 48.Kf5 g4 49.fxg4 hxg4 50.Kxg4 Ke8 51.Rb7 Kd8 52.Kf3
Kc8 53.Rf7 Kb8 54.Ke4 Kc8 55.Ke5 Kd8 56.Kd6 Ke8 57.Re7+ Kf8 58.Ke6
Kg8 59.Rf7 Kh8 60.Kf6 Bc5 61.a4 f3 62.Kg6 f2 63.Rf5 Kg8 64.a5
a6 65.Rf6 Bd4 66.Rf5 Be3 1/2-1/2

[Event "13. Golden Prague Open"]
[Site "Praha"]
[Date "2017.07.06"]
[Round "6.8"]
[White "Stojkovic, Andreja"]
[Black "Steiner, Juraj"]
[Result "0-1"]
[WhiteElo "1933"]
[BlackElo "2048"]
[Annotator ""]
[Source ""]
[Remark ""]

1.e4 e6 2.d4 d5 3.e5 c5 4.c3 Nc6 5.Nf3 Qb6 6.Bd3 Bd7 7.O-O cxd4
8.cxd4 Nxd4 9.Nxd4 Qxd4 10.Nc3 a6 11.a3 Ne7 12.Re1 Qb6 13.Qg4
g6 14.b4 Rc8 15.Be3 Qd8 16.Rac1 h5 17.Qg3 h4 18.Qg4 Nf5 19.Bxf5
gxf5 20.Qd1 Bg7 21.Bc5 b6 22.Bd6 Bh6 23.Rc2 Rc4 24.Qd3 Qc8 25.Ree2
Rg8 26.h3 Qa8 27.f3 Bb5 28.Nxb5 axb5 29.Rc3 Kd7 30.Rxc4 bxc4
31.Qd4 Qd8 32.Rc2 Bf8 33.Bxf8 Qxf8 34.Rxc4 Qg7 35.Rc2 Rc8 36.Rxc8
Kxc8 37.Qc3+ Kb7 38.b5 Qh8 39.Qc6+ Ka7 40.Qc7+ Ka8 41.Qc6+ Ka7
42.Qc7+ Ka8 43.Kf2 Qh6 44.Qc8+ Ka7 45.Qd7+ Ka8 46.Qe8+ Kb7 47.Qxf7+
Ka8 48.Qe8+ Kb7 49.Qd7+ Ka8 50.Qc8+ Ka7 51.Qa6+ Kb8 52.Qxb6+
Ka8 53.Qa5+ Kb7 54.b6 Qf4 55.Qc3 Ka6 56.b7 Kxb7 57.Qb4+ Qxb4
58.axb4 f4 59.Ke2 Kb6 60.Kd3 Kb5 61.Kc3 Ka4 62.Kd3 Kxb4 63.Kd4
Kb5 64.Kc3 Kc5 65.Kd3 d4 66.Ke4 Kc4 67.Kxf4 d3 68.Ke3 Kc3 69.f4
d2 0-1

[Event "13. Golden Prague Open"]
[Site "Praha"]
[Date "2017.07.06"]
[Round "6.9"]
[White "Forman, Miroslav"]
[Black "Janacek, Jaroslav"]
[Result "0-1"]
[WhiteElo "1832"]
[BlackElo "2012"]
[Annotator ""]
[Source ""]
[Remark ""]

1.d4 d6 2.Bg5 h6 3.Bf4 g5 4.Bg3 Bg7 5.h4 g4 6.c3 Nf6 7.Qc2 Nh5
8.Bh2 e5 9.e3 Qxh4 10.g3 Qe7 11.Ne2 O-O 12.Bg2 c6 13.Nd2 f5 14.O-O-O
Be6 15.Kb1 Nd7 16.f3 Nhf6 17.e4 fxe4 18.fxe4 Nh7 19.Bg1 Ng5 20.Be3
Nb6 21.b3 Bf7 22.Rh4 h5 23.Rdh1 Bg6 24.Rxh5 Bxh5 25.Rxh5 Nf3
26.Rh1 Rf7 27.dxe5 dxe5 28.Nc1 Rd8 29.Nxf3 gxf3 30.Bf1 Kf8 31.b4
Ke8 32.a4 Nc8 33.Bc4 Rf8 34.Qh2 Rh8 35.Qg1 Nd6 36.Bd3 b6 37.Kc2
Kd7 38.a5 Nc8 39.axb6 axb6 40.Nb3 Kc7 41.Bc4 Bf6 42.Ba6 Bg5 43.Bf2
Rxh1 44.Qxh1 Qf7 45.Qa1 Qh7 46.Bd3 Qh2 47.Qe1 Nd6 48.Nd2 Ra8
49.Kb3 Qh5 50.c4 Qf7 51.Kb2 Bxd2 0-1

[Event "13. Golden Prague Open"]
[Site "Praha"]
[Date "2017.07.06"]
[Round "6.10"]
[White "Lajsek, Tomas"]
[Black "Konvalinka, Vladislav"]
[Result "0-1"]
[WhiteElo "1760"]
[BlackElo "1761"]
[Annotator ""]
[Source ""]
[Remark ""]

1.f4 d5 2.b3 Nf6 3.Nf3 c5 4.e3 Nc6 5.Bb2 Bf5 6.Be2 g6 7.d3 Bg7
8.Nbd2 O-O 9.Ne5 Rc8 10.g4 Bd7 11.Nxd7 Nxd7 12.Bxg7 Kxg7 13.g5
e5 14.Nf3 exf4 15.exf4 Re8 16.O-O Qe7 17.Rf2 Qe3 18.Qd2 Qxd2
19.Nxd2 Nd4 20.Bg4 Rc7 21.Nf3 Ne2+ 22.Kf1 Nxf4 23.Re1 Rxe1+ 24.Kxe1
f5 25.gxf6+ Nxf6 26.Ne5 Nxg4 27.Nxg4 Re7+ 28.Kd2 g5 29.Ne3 Kg6
30.h4 h6 31.hxg5 hxg5 32.a4 b6 33.c3 Re6 34.Rh2 Re8 35.Ng4 d4
36.Rf2 dxc3+ 37.Kxc3 Rd8 38.Rf3 Rd4 39.Nf2 g4 40.Nxg4 Nd5+ 41.Kd2
Rxg4 42.Rf8 Rg2+ 43.Kc1 Re2 44.Ra8 a5 45.Rd8 Re5 46.Kd2 Kf6 47.d4
cxd4 48.Kd3 Nb4+ 0-1

[Event "13. Golden Prague Open"]
[Site "Praha"]
[Date "2017.07.06"]
[Round "6.11"]
[White "Drahoradova, Zuzana"]
[Black "Sura, Jaroslav"]
[Result "0-1"]
[WhiteElo "1711"]
[BlackElo "2059"]
[Annotator ""]
[Source ""]
[Remark ""]

1.e4 e5 2.Nf3 Nc6 3.d4 exd4 4.Bc4 Nf6 5.e5 Ng4 6.Qe2 Qe7 7.Bf4
d6 8.exd6 cxd6 9.Nbd2 Qxe2+ 10.Kxe2 Nge5 11.Bb5 Bg4 12.Rhe1 O-O-O
13.h3 d3+ 14.cxd3 Nd4+ 15.Kf1 Nexf3 16.Rec1+ Kb8 17.Nxf3 Bxf3
18.Bc4 Be2+ 19.Kg1 Bh5 0-1

[Event "13. Golden Prague Open"]
[Site "Praha"]
[Date "2017.07.06"]
[Round "6.13"]
[White "Bartosova, Hana"]
[Black "Frost, Peter"]
[Result "1/2-1/2"]
[WhiteElo "1577"]
[BlackElo "1934"]
[Annotator ""]
[Source ""]
[Remark ""]

1.e4 c6 2.Nf3 d5 3.Nc3 dxe4 4.Nxe4 Nf6 5.Nxf6+ exf6 6.d4 Bd6
7.Bd3 O-O 8.O-O Bg4 9.c4 Qd7 10.Re1 Rd8 11.b3 Bb4 12.Re4 f5 13.Re3
Bxf3 14.Qxf3 Qxd4 15.Rb1 Qg4 16.Bb2 Bc5 17.Bxf5 Qxf3 18.Rxf3
Rd2 19.Bc3 Rd8 20.Rd3 Na6 21.Rbd1 Rxd3 22.Bxd3 Nb4 23.Bb1 Re8
24.a3 Na6 25.b4 Bb6 26.Re1 Rxe1+ 27.Bxe1 Bd4 28.Be4 Nc7 29.a4
a6 30.b5 axb5 31.axb5 cxb5 32.cxb5 Nxb5 1/2-1/2

[Event "13. Golden Prague Open"]
[Site "Praha"]
[Date "2017.07.06"]
[Round "6.14"]
[White "Rosenbaumova, Lea"]
[Black "Cabart, Pavel"]
[Result "1/2-1/2"]
[WhiteElo "1570"]
[BlackElo "1725"]
[Annotator ""]
[Source ""]
[Remark ""]

1.e4 c5 2.c3 d5 3.exd5 Qxd5 4.d4 g6 5.Na3 cxd4 6.cxd4 Bg7 7.Nf3
Nf6 8.Nb5 Na6 9.Qa4 O-O 10.Bc4 Qe4+ 11.Be3 Bd7 12.Qa3 Bxb5 13.Bxb5
Nc7 14.Bd3 Qg4 15.O-O Qd7 16.Ne5 Qd8 17.Qb3 Rb8 18.Bc4 e6 19.Bg5
Qxd4 20.Nf3 Qb6 21.Qxb6 axb6 22.Rfe1 Ra8 23.Bf4 Ncd5 24.Be5 Rfc8
25.Bxd5 Nxd5 26.Bxg7 Kxg7 27.a3 Rc2 28.Rab1 Ra4 29.g3 h6 30.h3
g5 31.Red1 Re4 32.Nd4 Rc8 33.Nb5 Rc2 34.Nd4 Rc5 35.b4 Rc3 36.Nb5
Rc2 37.Rbc1 Ree2 38.Nd4 Rxc1 39.Rxc1 Ra2 40.Nb5 Kf6 41.Rc4 Ke5
42.Rc8 Ke4 43.Nd6+ Kf3 44.Nxf7 Ra1+ 45.Kh2 Kxf2 46.Rc2+ Kf3 47.Nxh6
Rxa3 48.Nf7 Nxb4 49.Nxg5+ Ke3 50.Rb2 Nd3 51.Rxb6 Ra2+ 52.Kg1
Ra1+ 53.Kh2 1/2-1/2

[Event "13. Golden Prague Open"]
[Site "Praha"]
[Date "2017.07.06"]
[Round "6.15"]
[White "Kuhnmund, Ivan"]
[Black "Bartos, Vaclav"]
[Result "1/2-1/2"]
[WhiteElo "1716"]
[BlackElo "1433"]
[Annotator ""]
[Source ""]
[Remark ""]

1.e4 c5 2.Nf3 Nc6 3.c4 e5 4.Nc3 Nf6 5.d3 g6 6.Nd5 Bg7 7.Bg5 O-O
8.Qd2 d6 9.h3 Nd4 10.Nxd4 cxd4 11.Be2 Be6 12.O-O Bxd5 13.cxd5
Qb6 14.f4 h6 15.fxe5 Nxe4 16.dxe4 hxg5 17.Bg4 dxe5 18.Qxg5 Qxb2
19.d6 Qb6 20.d7 Qc6 21.Qe7 Qxe4 22.Rxf7 Rxf7 23.Be6 Qf4 24.Bxf7+
Qxf7 25.d8Q+ Rxd8 26.Qxd8+ Kh7 27.Rf1 Qe6 1/2-1/2

[Event "13. Golden Prague Open"]
[Site "Praha"]
[Date "2017.07.06"]
[Round "6.16"]
[White "Nemecek, Pavel"]
[Black "Husa, Daniel"]
[Result "1/2-1/2"]
[WhiteElo "1827"]
[BlackElo "1660"]
[Annotator ""]
[Source ""]
[Remark ""]

1.e4 e6 2.d4 d5 3.e5 c5 4.c3 Nc6 5.Nf3 Qb6 6.a3 f6 7.b4 cxd4
8.cxd4 Be7 9.Be2 Bd7 10.O-O g6 11.Nc3 Bf8 12.Na4 Qc7 13.Bf4 f5
14.Rc1 a6 15.Nc5 h6 16.Nh4 Nge7 17.Be3 Bg7 18.Nxg6 Nxg6 19.Bh5
Kf7 20.Nd3 Qd8 21.Nf4 Nce7 22.h4 Rg8 23.Bxg6+ Nxg6 24.Qh5 Bf8
25.g3 Rc8 26.Nh3 Rxc1 27.Rxc1 Rh8 1/2-1/2

[Event "13. Golden Prague Open"]
[Site "Praha"]
[Date "2017.07.06"]
[Round "6.17"]
[White "Vitek, Jan"]
[Black "Krobot, Jan"]
[Result "0-1"]
[WhiteElo "1745"]
[BlackElo "1705"]
[Annotator ""]
[Source ""]
[Remark ""]

1.d4 Nf6 2.e3 e6 3.Bd3 b6 4.f4 Bb7 5.Nf3 Be7 6.Nbd2 O-O 7.O-O
Nd5 8.Ne4 f5 9.Neg5 h6 10.Nh3 Nf6 11.Ne5 Kh7 12.Be2 Nc6 13.Bf3
Na5 14.Bd2 Bxf3 15.Qxf3 d6 16.Bxa5 dxe5 17.dxe5 bxa5 18.exf6
Bxf6 19.Rad1 Qe7 20.c3 Rab8 21.Rd2 Rb6 22.Rfd1 Rfb8 23.Qe2 Qc5
24.Nf2 a4 25.Nd3 Qc4 26.g4 Qxa2 27.g5 Be7 28.e4 Qc4 29.exf5 Bc5+
30.Kf1 exf5 31.g6+ Rxg6 32.Nxc5 Qxc5 33.Qf2 Qc4+ 34.Qe2 Qxf4+
35.Qf2 Qxf2+ 36.Kxf2 Rgb6 37.Rd7 Rxb2+ 38.Kf3 Rxh2 39.Rg1 Rg8
40.Rxc7 a3 41.Rxa7 a2 42.Rc7 Rb2 0-1

[Event "13. Golden Prague Open"]
[Site "Praha"]
[Date "2017.07.06"]
[Round "6.18"]
[White "Novotny, Josef"]
[Black "Nemecek, Pavel ml."]
[Result "1-0"]
[WhiteElo "1738"]
[BlackElo "1493"]
[Annotator ""]
[Source ""]
[Remark ""]

1.a3 d5 2.c4 dxc4 3.e3 Nf6 4.Bxc4 Bf5 5.Qb3 e6 6.Qxb7 Be4 7.Qb5+
Nfd7 8.Bf1 Bd6 9.Nc3 Bc6 10.Qh5 Nf6 11.Qd1 O-O 12.d4 Nbd7 13.Nf3
Re8 14.Bd3 e5 15.d5 Bxd5 16.Bxh7+ Kxh7 17.Nxd5 Nxd5 18.Qxd5 Nb6
19.Qxf7 Nd5 20.Qh5+ Kg8 21.Ng5 Nf6 22.Qf7+ Kh8 23.Qg6 Qd7 24.e4
Kg8 25.O-O Rad8 26.h4 Bc5 27.h5 Bxf2+ 28.Rxf2 Qd1+ 29.Rf1 Qd4+
30.Kh1 Ng4 31.Qh7# 1-0

[Event "13. Golden Prague Open"]
[Site "Praha"]
[Date "2017.07.06"]
[Round "6.19"]
[White "Veselsky, Jan"]
[Black "Kronowetter, Borivoj"]
[Result "0-1"]
[WhiteElo "1706"]
[BlackElo "1715"]
[Annotator ""]
[Source ""]
[Remark ""]

1.d4 Nf6 2.c4 g6 3.Nc3 Bg7 4.e4 d6 5.Nf3 O-O 6.Be2 e5 7.O-O Nc6
8.d5 Ne7 9.b4 Nd7 10.Ba3 f5 11.Ng5 Nf6 12.Bf3 h6 13.Ne6 Bxe6
14.dxe6 Qc8 15.Rc1 Qxe6 16.exf5 gxf5 17.Bxb7 Rab8 18.Bf3 Kh8
19.Nd5 Nexd5 20.cxd5 Qf7 21.Qc2 Nxd5 22.Bxd5 Qxd5 23.Rfd1 Qe6
24.Qxc7 Rfc8 25.Qxd6 Qxd6 26.Rxd6 Rxc1+ 27.Bxc1 Rxb4 28.Rd1 Rb1
29.Rf1 Ra1 30.a3 e4 31.g3 Kh7 32.Kg2 a5 33.Be3 Rxa3 34.Rd1 Rd3
35.Rb1 Rd6 36.Rb7 Kg6 37.Ra7 Bc3 38.Bc5 Rc6 39.Be7 Be1 40.Kf1
Rc1 41.Ke2 Bb4 42.Ra6+ Kh5 43.Bxb4 axb4 44.Rb6 Rc2+ 45.Ke3 Rc3+
46.Kf4 Rf3+ 47.Ke5 Rxf2 48.Rxb4 Kg4 49.Rb6 Rxh2 50.Rg6+ Kf3 51.Kxf5
Rh5+ 52.Kf6 e3 53.Rg7 Rg5 54.Re7 e2 55.g4 Kf2 0-1

[Event "13. Golden Prague Open"]
[Site "Praha"]
[Date "2017.07.06"]
[Round "6.20"]
[White "Nemecek, Lukas"]
[Black "Martirosyan, Artyom"]
[Result "1-0"]
[WhiteElo "1714"]
[BlackElo "1563"]
[Annotator ""]
[Source ""]
[Remark ""]

1.e4 e5 2.Nf3 Nc6 3.d4 exd4 4.Bc4 Nf6 5.O-O Be7 6.e5 Ng4 7.Re1
d5 8.Bb5 Bd7 9.Bxc6 bxc6 10.h3 Nh6 11.Bxh6 gxh6 12.Nxd4 Rg8 13.Qh5
Rg6 14.Nc3 c5 15.Nf3 c6 16.Ne2 Qc7 17.Nf4 Rg5 18.Nxg5 hxg5 19.Nd3
Bf5 20.e6 O-O-O 21.exf7 Bg6 22.Qg4+ Kb7 23.Ne5 h5 24.Qe6 Rd6
25.Qxe7 Qxe7 26.Nxg6 Qxf7 27.Re7+ Qxe7 28.Nxe7 Re6 29.Nf5 h4
30.Ne3 d4 31.Nc4 Re2 32.Na3 Kb6 33.Kf1 1-0

[Event "13. Golden Prague Open"]
[Site "Praha"]
[Date "2017.07.06"]
[Round "6.21"]
[White "Day, Tobias"]
[Black "Plate, Marion Helga"]
[Result "1-0"]
[WhiteElo "1315"]
[BlackElo "1564"]
[Annotator ""]
[Source ""]
[Remark ""]

1.e4 d6 2.d4 Nf6 3.Nc3 g6 4.Bc4 Bg7 5.h3 O-O 6.Nf3 Nxe4 7.Bxf7+
Rxf7 8.Nxe4 Nc6 9.c3 Qe8 10.O-O e5 11.Re1 h6 12.dxe5 Nxe5 13.Nxe5
dxe5 14.Bd2 Qc6 15.Qe2 Be6 16.Ng3 Bd5 17.f3 Re8 18.Ne4 a6 19.b3
Bf8 20.c4 Bxe4 21.Qxe4 Qxe4 22.Rxe4 Bc5+ 23.Kh1 g5 24.Rae1 Bd4
25.Rxd4 Rfe7 26.Rde4 Kf7 27.Bc3 Kf6 28.g3 1-0

[Event "13. Golden Prague Open"]
[Site "Praha"]
[Date "2017.07.06"]
[Round "6.22"]
[White "Bara, Josef"]
[Black "Zednik, Petr"]
[Result "1-0"]
[WhiteElo "1383"]
[BlackElo "1533"]
[Annotator ""]
[Source ""]
[Remark ""]

1.d4 d5 2.c4 e6 3.Nc3 Nf6 4.Bg5 Nbd7 5.Nf3 Be7 6.e3 O-O 7.Bd3
h6 8.Bh4 c6 9.O-O Re8 10.Rc1 dxc4 11.Bxc4 Nd5 12.Bg3 a5 13.Nxd5
exd5 14.Bxd5 Nf6 15.Bb3 Bg4 16.Bc4 Bd6 17.Bxd6 Qxd6 18.Be2 Rad8
19.h3 1-0

[Event "13. Golden Prague Open"]
[Site "Praha"]
[Date "2017.07.06"]
[Round "6.23"]
[White "Rezek, Filip"]
[Black "Rous, Dominik"]
[Result "1/2-1/2"]
[WhiteElo "1435"]
[BlackElo "1148"]
[Annotator ""]
[Source ""]
[Remark ""]

1.c4 Nc6 2.Nf3 e5 3.d3 Bc5 4.g3 d6 5.Bg2 Be6 6.O-O f6 7.a3 Nge7
8.b4 Bd4 9.Nxd4 Nxd4 10.Bxb7 Rb8 11.Bg2 O-O 12.Bb2 Qd7 13.Bxd4
exd4 14.Nd2 Bh3 15.Nf3 Bxg2 16.Kxg2 f5 17.Nxd4 f4 18.Nf3 fxg3
19.fxg3 Rfe8 20.e4 c5 21.b5 a6 22.a4 Ng6 23.Qd2 h6 24.Ng1 Rf8
25.Rxf8+ Rxf8 26.Rf1 Rxf1 27.Kxf1 Qf7+ 28.Qf2 Qd7 29.Qf5 Qxf5+
30.exf5 Ne5 31.Ke2 Kf7 32.Nf3 Nd7 33.g4 axb5 34.axb5 Kf6 35.h4
h5 36.gxh5 Kxf5 37.Ng5 Kf6 38.Kd2 Ke5 39.Ne4 d5 40.Nc3 dxc4 41.dxc4
Kd4 42.Na4 Kxc4 43.b6 1/2-1/2

[Event "13. Golden Prague Open"]
[Site "Praha"]
[Date "2017.07.06"]
[Round "6.24"]
[White "Vit, Zdenek"]
[Black "Barton, Milan"]
[Result "0-1"]
[WhiteElo "1889"]
[BlackElo "1823"]
[Annotator ""]
[Source ""]
[Remark ""]

1.e4 e5 2.Nf3 Nc6 3.Bc4 Bc5 4.c3 Nf6 5.d3 O-O 6.a4 a5 7.O-O h6
8.Nbd2 d6 9.h3 Bb6 10.Re1 Ne7 11.Nf1 Ng6 12.Be3 c6 13.Ng3 Bxe3
14.fxe3 Kh7 15.Qe2 d5 16.exd5 Nxd5 17.d4 exd4 18.Nxd4 Nf6 19.Rad1
Qc7 20.Qf2 Qe5 21.Bd3 Kg8 22.Nf3 Qc5 23.e4 Qxf2+ 24.Kxf2 Be6
25.Nd4 Ne5 26.Nxe6 Nxd3+ 27.Rxd3 fxe6 28.Ke3 Kf7 29.Red1 Ke7
30.e5 Nd5+ 31.Kd4 Rf4+ 32.Kc5 Rc8 33.Rd4 b6+ 34.Kc4 Ne3+ 35.Kb3
Rxd4 36.Rxd4 Nxg2 37.Rg4 g5 38.Rd4 Nf4 39.h4 c5 40.Rd6 gxh4 41.Nh1
c4+ 42.Ka2 Nd5 0-1

[Event "13. Golden Prague Open"]
[Site "Praha"]
[Date "2017.07.06"]
[Round "6.25"]
[White "Scipione, Andrea"]
[Black "Zubek, Rudolf"]
[Result "1-0"]
[WhiteElo "1312"]
[BlackElo "1349"]
[Annotator ""]
[Source ""]
[Remark ""]

1.d4 d5 2.c4 b6 3.Nc3 dxc4 4.e4 e6 5.Bxc4 Bb4 6.Nf3 Bb7 7.e5
f6 8.Bxe6 Bxc3+ 9.bxc3 fxe5 10.Qe2 Qe7 11.d5 Nf6 12.c4 Na6 13.Nxe5
Nc5 14.Ba3 Qd8 15.Nf7 Qe7 16.Nxh8 Nfe4 17.O-O Qh4 18.Bf7+ 1-0

[Event "13. Golden Prague Open"]
[Site "Praha"]
[Date "2017.07.07"]
[Round "7.1"]
[White "Haba, Zdenek"]
[Black "Rosenbaum, Vit"]
[Result "1/2-1/2"]
[WhiteElo "2177"]
[BlackElo "2124"]
[Annotator ""]
[Source ""]
[Remark ""]

1.d4 Nf6 2.c4 c5 3.d5 e6 4.Nc3 exd5 5.cxd5 d6 6.e4 g6 7.f3 Bg7
8.Bg5 h6 9.Be3 O-O 10.Qd2 Kh7 11.Nge2 Na6 12.Ng3 h5 13.Bg5 h4
14.Bxh4 Nxe4 15.Qf4 g5 16.fxe4 gxf4 17.Bxd8 Rxd8 18.Bxa6 bxa6
19.Nge2 Rb8 20.O-O-O Bg4 21.Rde1 f3 22.gxf3 Bxf3 23.Rhf1 Bxe2
24.Rxe2 Rd7 25.Ref2 Rdb7 26.Rxf7 Kg6 27.Rxb7 Rxb7 28.Kc2 Be5
29.h3 Kg5 30.b3 Kh4 31.Rf3 a5 32.Nd1 Rb4 33.Nf2 a4 34.Nd3 axb3+
35.axb3 Rxe4 36.Nxe5 Rxe5 37.Rd3 a5 38.Kc3 1/2-1/2

[Event "13. Golden Prague Open"]
[Site "Praha"]
[Date "2017.07.07"]
[Round "7.2"]
[White "Maly, Filip"]
[Black "Novy, Filip"]
[Result "1-0"]
[WhiteElo "1915"]
[BlackElo "2148"]
[Annotator ""]
[Source ""]
[Remark ""]

1.e4 c5 2.Nf3 e6 3.d4 cxd4 4.Nxd4 Nf6 5.Nc3 d6 6.Bc4 Be7 7.O-O
Qc7 8.Bb3 Na6 9.Ndb5 Qb6 10.Bf4 Nxe4 11.Nxe4 Qxb5 12.Bxd6 Qd7
13.Qd4 O-O 14.Rad1 Nc7 15.Qc5 Bxd6 16.Rxd6 Qe7 17.Rfd1 Ne8 18.Rd8
Qxc5 19.Nxc5 Nc7 20.Ba4 Nd5 21.Rxf8+ Kxf8 22.c4 Nb6 23.Bc2 Nxc4
24.Rd8+ Ke7 25.Rh8 Nxb2 26.Rxh7 Bd7 27.Nxd7 Rc8 28.Kf1 Rxc2 29.Ne5
Kf6 30.f4 Nd1 31.Rh3 Rxa2 32.Rd3 Nb2 33.Rd2 b5 34.Ke2 a5 35.g4
a4 36.Kf3 Ra3+ 37.Ke4 Nc4 38.g5+ Ke7 39.Nc6+ Ke8 40.Rd8# 1-0

[Event "13. Golden Prague Open"]
[Site "Praha"]
[Date "2017.07.07"]
[Round "7.3"]
[White "Krivanek, Vladimir"]
[Black "Koper, Stefan"]
[Result "1-0"]
[WhiteElo "2095"]
[BlackElo "1931"]
[Annotator ""]
[Source ""]
[Remark ""]

1.e4 b6 2.Nc3 Bb7 3.Nf3 e6 4.a3 Nf6 5.e5 Ng8 6.d4 d5 7.b4 a5
8.b5 g6 9.Bd3 h6 10.Be3 Bg7 11.Ne2 Ne7 12.g4 h5 13.gxh5 Rxh5
14.Ng3 Rh8 15.h4 Nd7 16.h5 c5 17.bxc6 Bxc6 18.Ng5 Nf8 19.h6 Rxh6
20.Rxh6 Bxh6 21.Nxf7 Kxf7 22.Bxh6 Nf5 23.Nxf5 exf5 24.Qf3 Ne6
25.Bxf5 Nxd4 26.Be6+ Kxe6 27.Qg4+ Nf5 28.Qxg6+ Kxe5 29.O-O-O
Nxh6 30.f4+ Kxf4 31.Qxh6+ Qg5 32.Qxc6 Rd8 33.Kb1 Kf3 34.Qc3+
Ke4 35.Re1+ Kf4 36.Qd4+ Kf3 37.Rf1+ Ke2 38.Qf2# 1-0

[Event "13. Golden Prague Open"]
[Site "Praha"]
[Date "2017.07.07"]
[Round "7.4"]
[White "Steiner, Juraj"]
[Black "Anaskin, Arsenij"]
[Result "0-1"]
[WhiteElo "2048"]
[BlackElo "2216"]
[Annotator ""]
[Source ""]
[Remark ""]

1.d4 d6 2.Nf3 f5 3.Nc3 Nf6 4.Bg5 e6 5.e4 fxe4 6.Nxe4 Be7 7.Bxf6
Bxf6 8.Bd3 Nc6 9.c3 Qe7 10.Qc2 Bd7 11.O-O g6 12.Rfe1 O-O 13.a4
b6 14.Bc4 Kh8 15.b4 a5 16.b5 Nd8 17.Rad1 Nf7 18.Qe2 Rae8 19.Bb3
Ng5 20.Nexg5 Bxg5 21.Rd3 Bh6 22.c4 Rf5 23.Rc3 Qf6 24.Bc2 Rf4
25.g3 Rg4 26.Ne5 Rxd4 27.Nxd7 Qg7 28.Ne5 dxe5 29.Qxe5 Bd2 30.Rd3
Rxd3 31.Bxd3 Bxe1 32.Qxe1 Qd4 33.Qe2 Kg7 34.h4 e5 35.Be4 Qa1+
36.Kg2 Qxa4 37.Qg4 Qxc4 38.h5 Qe6 0-1

[Event "13. Golden Prague Open"]
[Site "Praha"]
[Date "2017.07.07"]
[Round "7.5"]
[White "Hurtak, Otto"]
[Black "Pokorny, Jiri"]
[Result "1-0"]
[WhiteElo "2050"]
[BlackElo "1932"]
[Annotator ""]
[Source ""]
[Remark ""]

1.d4 Nf6 2.c4 g6 3.Nc3 d5 4.cxd5 Nxd5 5.e4 Nxc3 6.bxc3 Bg7 7.Nf3
O-O 8.Be2 c5 9.Rb1 Nc6 10.d5 Ne5 11.Nxe5 Bxe5 12.Qd2 e6 13.f4
Bc7 14.dxe6 Bxe6 15.O-O b6 16.c4 Qxd2 17.Bxd2 Rad8 18.Bc3 h5
19.h3 Rfe8 20.f5 Bc8 21.fxg6 fxg6 22.Rf6 Re6 23.Rbf1 Rxf6 24.Rxf6
Rd6 25.Rxd6 Bxd6 26.Kf2 a6 27.Ke3 Bd7 28.g4 hxg4 29.Bxg4 Bc6
30.Bc8 a5 31.Be6+ Kf8 32.Bd5 Bd7 33.e5 Bc7 34.e6 Bc8 35.Bf6 a4
36.Ke4 Bd6 37.Bd8 Ke8 38.Bf6 Kf8 39.Bg5 Be7 40.Bf4 Bf6 41.Bd6+
Ke8 42.Bc6+ Kd8 43.Kd5 a3 44.Bf8 Be7 45.Bh6 Bh4 46.Bf4 Bf6 47.Bb8
Ke7 48.Bd6+ Kd8 49.Bf4 Ke7 50.Bd6+ Kd8 51.Bf8 Be7 52.Bg7 Bh4
53.Be5 Ke7 54.Bd6+ Kd8 55.Ba4 Bb7+ 56.Bc6 Bc8 57.Ba8 Be7 58.Ke5
Bh4 59.Bf8 Be7 60.Bg7 Ke8 61.Bf6 Kd8 62.h4 Ke8 63.Be4 Ba6 64.Bxg6+
Kf8 65.Bd3 Bb7 66.h5 1-0